Aritmética razonada : (Record no. 5471)
[ view plain ]
| 000 -LEADER | |
|---|---|
| campo de control de longitud fija | 02146nam a22003377a 4500 |
| 003 - IDENTIFICADOR DE NÚMERO DE CONTROL | |
| campo de control | BO-EaUP |
| 005 - FECHA Y HORA DE LA ÚLTIMA TRANSACCIÓN | |
| campo de control | 20260409165539.0 |
| 008 - DATOS DE LONGITUD FIJA--INFORMACIÓN GENERAL | |
| campo de control de longitud fija | 260409t1999 bo ||||| |||| 00| 0 spa d |
| 015 ## - NÚMERO DE BIBLIOGRAFÍA NACIONAL | |
| Número de bibliografía nacional | 5 - 1 - 174 - 99 |
| 040 ## - FUENTE DE CATALOGACIÓN | |
| Centro catalogador/agencia de origen | Biblioteca I.P.E. |
| Lengua de catalogación | spa |
| Centro/agencia transcriptor | Biblioteca Ingeniería en Producción Empresarial |
| Normas de descripción | RDA |
| 041 ## - CÓDIGO DE IDIOMA | |
| Código de lengua del texto/banda sonora o título independiente | spa |
| Código de lengua original | spa |
| 043 ## - CÓDIGO DE ÁREA GEOGRÁFICA | |
| Código de área geográfica | s - bo |
| 082 ## - NÚMERO DE LA CLASIFICACIÓN DECIMAL DEWEY | |
| Número de edición | 21 |
| Número de clasificación | 513 |
| 092 ## - ASIGNACIÓN LOCAL DE SIGNATURA TOPOGRÁFICA DEWEY (OCLC) | |
| Número de clasificación | 513 |
| Signatura Librística | S586a |
| 100 ## - ENTRADA PRINCIPAL--NOMBRE DE PERSONA | |
| Nombre de persona | Silva Santiesteban, Mario |
| Títulos y otros términos asociados al nombre | Autor |
| 9 (RLIN) | 6186 |
| 245 ## - MENCIÓN DEL TÍTULO | |
| Título | Aritmética razonada : |
| Subtítulo | Teoría - Ejercicios - problemas / |
| Mención de responsabilidad, etc. | Mario silva Santisteban |
| 250 ## - MENCION DE EDICION | |
| Mención de edición | Primera edición |
| 260 ## - PUBLICACIÓN, DISTRIBUCIÓN, ETC. | |
| Lugar de publicación, distribución, etc. | Oruro - Bolivia : |
| Nombre del editor, distribuidor, etc. | Goñi , |
| Fecha de publicación, distribución, etc. | 1999 |
| 300 ## - DESCRIPCIÓN FÍSICA | |
| Extensión | 434 páginas : |
| Otras características físicas | Ilustraciones, figuras ; tapa blanda : |
| Dimensiones | 20 x 14 centímetros |
| 336 ## - TIPO DE CONTENIDO | |
| Fuente | rdacontent |
| Término de tipo de contenido | texto |
| Código de tipo de contenido | txt |
| 337 ## - TIPO DE MEDIO | |
| Fuente | rdamedia |
| Nombre/término del tipo de medio | no mediado |
| Código del tipo de medio | n |
| 338 ## - TIPO DE SOPORTE | |
| Nombre/término del tipo de soporte | volumen |
| Código del tipo de soporte | nc |
| 505 ## - NOTA DE CONTENIDO CON FORMATO | |
| Nota de contenido con formato | CAP. I. Introducción a la lógica matemática - II. Nociones de teoría de conjuntos - III. Relaciones - IV. Funciones - V. Numeración - VI. Las cuatro operaciones con números enteros - VII. Teoría de divisibilidad - VIII. Teoría de los números primos - IX. Máximo común divisor y mínimo común múltiplo - X. Números fraccionarios - XI. Fracciones decimales - XII. Potenciación y radicación - XIII. Sistema de unidades de medida - XIV. Razones y proporciones - XV. Magnitudes proporcionales - XVI. Regla de tres simple y compuesta - XVII. Regla de porcentaje - XVIII. Regla de interés y regla de descuentos comerciales - XIX. Reparto proporcional o prorrateo - XX. Promedios, regla de mescla y aleación. |
| 520 ## - RESUMEN, ETC. | |
| Sumario, etc. | El punto de partida para conocer el maravilloso mundo de las matematices, es la aritmética y si esta es enfocada con aguda visión lógica se tiene la "ARTMETICA RAZONADA", que permitirá al lector sumergirse en el deleite de su lectura y de su estudio, hechos que a su vez promoverán el interés por una mayor profundización del mismo y su proyección hacia otros. |
| 546 ## - NOTA DE IDIOMA | |
| Nota de lengua/lenguaje | Español |
| 653 ## - TÉRMINO DE INDIZACIÓN--NO CONTROLADO | |
| Término no controlado | LOGICA MATEMÁTICA |
| 653 ## - TÉRMINO DE INDIZACIÓN--NO CONTROLADO | |
| Término no controlado | TEORIA DE CONJUNTOS |
| 653 ## - TÉRMINO DE INDIZACIÓN--NO CONTROLADO | |
| Término no controlado | ARITMETICA |
| 653 ## - TÉRMINO DE INDIZACIÓN--NO CONTROLADO | |
| Término no controlado | ARITMETICA MERCANTIL |
| 942 ## - ELEMENTOS DE ENTRADA SECUNDARIOS (KOHA) | |
| Fuente del sistema de clasificación o colocación | Clasificación Decimal Dewey |
| Tipo de ítem Koha | Libros |
| Suprimir en OPAC | No |
| Estatus retirado | Estado de pérdida | Fuente del sistema de clasificación o colocación | Estado de daño | No para préstamo | Colección | Biblioteca de origen | Biblioteca actual | Ubicación en estantería | Fecha de adquisición | Fuente de adquisición | Número de inventario | Total de préstamos | Signatura topográfica completa | Código de barras | Visto por última vez | Copia número | Precio de reemplazo | Tipo de ítem Koha |
|---|---|---|---|---|---|---|---|---|---|---|---|---|---|---|---|---|---|---|
| Clasificación Decimal Dewey | Ciencias Naturales y Matemáticas | Biblioteca Especializada de Ingenieria en Producción Empresarial | Biblioteca Especializada de Ingenieria en Producción Empresarial | Matemáticas | 09/04/2026 | Donación | BEIPE - 0117D | 513/S586a | BEIPE - 0117D | 09/04/2026 | Ej. 1 | 09/04/2026 | Libros |